Associer les départements français et leurs numéros - Statistiques

Statistiques générales
  • Ce quiz a été pris 134 fois
  • Le résultat moyen est 44 sur 109
Statistiques - réponses
Hint Réponse % Correct
1 Ain
84%
72 Sarthe
75%
35 Ille-et-Vilaine
72%
12 Aveyron
67%
10 Aube
65%
34 Hérault
63%
93 Seine-Saint-Denis
63%
2 Aisne
61%
3 Allier
61%
80 Somme
61%
24 Dordogne
60%
59 Nord
60%
8 Ardennes
58%
25 Doubs
58%
29 Finistère
58%
57 Moselle
58%
27 Eure
56%
33 Gironde
56%
69 Rhône
56%
30 Gard
54%
50 Manche
54%
51 Marne
54%
58 Nièvre
54%
60 Oise
54%
62 Pas-de-Calais
54%
90 Territoire-de-Belfort
54%
7 Ardèche
53%
11 Aude
53%
91 Essonne
53%
6 Alpes-Maritimes
51%
67 Bas-Rhin
51%
26 Drôme
51%
32 Gers
51%
36 Indre
51%
38 Isère
51%
40 Landes
51%
44 Loire-Atlantique
51%
47 Lot-et-Garonne
51%
56 Morbihan
51%
61 Orne
51%
75 Paris
51%
14 Calvados
49%
15 Cantal
49%
28 Eure-et-Loir
49%
49 Maine-et-Loire
49%
77 Seine-et-Marne
49%
39 Jura
47%
46 Lot
47%
64 Pyrénées-Atlantiques
47%
16 Charente
46%
92 Hauts-de-Seine
44%
54 Meurthe-et-Moselle
44%
74 Haute-Savoie
42%
63 Puy-de-Dôme
42%
18 Cher
40%
2B Haute-Corse
40%
52 Haute-Marne
40%
68 Haut-Rhin
40%
53 Mayenne
40%
89 Yonne
40%
9 Ariège
39%
82 Tarn-et-Garonne
39%
45 Loiret
37%
71 Saône-et-Loire
37%
23 Creuse
35%
70 Haute-Saône
35%
37 Indre-et-Loire
35%
974 La Réunion
35%
55 Meuse
35%
973 Guyane
33%
31 Haute-Garonne
33%
66 Pyrénées-Orientales
33%
13 Bouches-du-Rhône
32%
2A Corse-du-Sud
32%
65 Hautes-Pyrénées
32%
85 Vendée
32%
971 Guadeloupe
30%
95 Val-d'Oise
30%
84 Vaucluse
30%
19 Corrèze
28%
43 Haute-Loire
28%
73 Savoie
28%
83 Var
28%
17 Charente-Maritime
26%
88 Vosges
26%
4 Alpes de Haute-Provence
25%
42 Loire
25%
48 Lozère
25%
976 Mayotte
25%
94 Val-de-Marne
25%
86 Vienne
25%
78 Yvelines
25%
21 Côte-d'Or
23%
5 Hautes-Alpes
23%
76 Seine-Maritime
23%
22 Côtes d'Armor
21%
79 Deux-Sèvres
21%
87 Haute-Vienne
21%
41 Loir-et-Cher
21%
972 Martinique
18%
81 Tarn
18%
975 Saint-Pierre-et-Miquelon
12%
986 Wallis-et-Futuna
11%
989 Clipperton
9%
987 Polynésie française
5%
977 Saint-Barthélémy
5%
984 Terres australes et antarctiques françaises
5%
988 Nouvelle-Calédonie
2%
978 Saint-Martin
0%
Aucun quiz correspondant
Distribution des résultats
% des personnes avec chaque résultat
Percentile par nombre de réponses
Votre historique - résultats
Vous n’avez pas pris ce quiz